Global Competence as a Path to a Knowledge Society
Komplexné porovanie úrovne globálnych kompetencií medzi krajinami Vyšehradskej štvorky a Balkánom.
Guardado en:
| Autor principal: | |
|---|---|
| Formato: | Capítulo de libro |
| Lenguaje: | inglés |
| Materias: | |
| Etiquetas: |
Sin Etiquetas, Sea el primero en etiquetar este registro!
|
MARC
| LEADER | 00000naa$a2200000$$$4500 | ||
|---|---|---|---|
| 001 | 0281524 | ||
| 005 | 20240502083905.6 | ||
| 041 | 0 | |a eng | |
| 044 | |a RS | ||
| 245 | 1 | 0 | |a Global Competence as a Path to a Knowledge Society |c Aneta Bobenič Hintošová |
| 520 | |a Komplexné porovanie úrovne globálnych kompetencií medzi krajinami Vyšehradskej štvorky a Balkánom. | ||
| 610 | 2 | 0 | |a ekonomika znalostná |
| 610 | 2 | 0 | |a kompetencie |
| 610 | 2 | 0 | |a globalizácia |
| 610 | 2 | 0 | |a dotazníky |
| 610 | 2 | 0 | |a porovnanie medzinárodné |
| 610 | 2 | 0 | |a vedy kognitívne |
| 100 | 1 | |a Bobenič Hintošová, Aneta, 1979- | |